000 02604nam2a22003971 4500
001 rc\4738243
005 20250612164858.0
010 _bВ пер.
_d6 р. [с 1/1 1961 г. - 60 к.]
_92600
021 _aRU
_b[61-3045]
035 _a(NLR Aleph) 008736049
090 _a9504595
_c9504595
100 _a20130416d1960 |||y0rusy50 ca
101 0 _arus
102 _aRU
105 _aa z |||||
135 _acrmn mmmanaba
135 _acrmn mmmanaba
135 _acrmn mmmanaba
200 0 _a... в 1959 году
_fЗмеева Н. Я.
_gред. В.М. Барашенков
210 _d1960
_aБ. м.
215 _a146 с., 4 л. ил.
_cил.
_d22
320 _a"Список книг, брошюр и журнальных статей, опубликованных сотрудниками Публичной библиотеки в 1959 г. в различных изданиях": с. 138-143
325 1 _aКопия доступна в электронной библиотеке РНБ
461 0 _1001rc\4738242
_12001#$aГосударственная публичная библиотека имени М.Е. Салтыкова-Щедрина...$fМ-во культуры РСФСР. Гос. ордена Трудового Красного Знамени публ. б-ка им. М.Е. Салтыкова-Щедрина$v... в 1959 году
_99504591
_aПубличная библиотека им. М. Е. Салтыкова-Щедрина (Ленинград)
_cЛенинград
_d1960-1969
_fМ-во культуры РСФСР. Гос. ордена Трудового Красного Знамени публ. б-ка им. М.Е. Салтыкова-Щедрина
_tГосударственная публичная библиотека имени М.Е. Салтыкова-Щедрина...
_v... в 1959 году
701 1 _7ca
_8rus
_aЗмеева
_bН. Я.
_f1909-1988
_gНина Яковлевна
_9219379
_3RU\NLR\AUTH\770219435
702 1 _4340
_7ca
_8rus
_aБарашенков
_bВ. М.
_f1905-1983
_gВиктор Михайлович
_9218421
_3RU\NLR\AUTH\770218477
801 0 _aRU
_bNLR
_c20130416
_gpsbo
801 1 _aRU
_bELAR
_c20130416
_2rusmarc
801 2 _aRU
_bNLR
_c20151028
_2rusmarc
852 _aNLR
_bБ
_j6040.065/1959
901 _eКнижные издания
942 _cBOOK
980 _aNB
981 4 3 _a(43) Тематическая подборка Санкт-Петербург
_b(43) Библиотеки
981 1 8 _a(18) Планета РНБ
_b(18) Труды сотрудников РНБ